Normal view MARC view
  • Panadero, David G.

Entry Nombre Personal

Number of records used in: 1

001 - NUMERO DE CONTROL

  • campo de control: 34124

003 - IDENTIFICADOR DE NUMERO DE CONTROL

  • campo de control: UPN

005 - FECHA Y HORA DE LA ÜLTIMA TRANSACCIÓN

  • campo de control: 20210219194449.0

008 - DATOS DE LONGITUD FIJA

  • campo de control de longitud fija: nabaccnnaabn|||||||||| b |nc|||||d

035 ## - NUMERO DE CONTROL

  • Número de control: UPN11000006231

040 ## - FUENTE DE CATALOGACIÓN

  • Lenguaje de catalogación: SPA
  • Agencia de transcripción: UPN

100 1# - ENCABEZAMIENTO - NOMBRE PERSONAL

  • Nombre personal: Panadero, David G.
  • Fechas asociadas con el nombre: 1974-

670 ## - FUENTE EN LA QUE SE LOCALIZARON DATOS

  • Cita de la fuente: T
  • Uniform Resource Identifier: http://www.estudioenescarlata.com/fichaautor.php?autor=Panadero,%20David%20G.

680 ## - NOTA PUBLICA DE ACCESO PÚBLICO

  • Frase explicativa de la referencia: Periodista y entusiasta de toda empresa cultural. Dirige la colección de novela policíaca "Calle negra" para La Factoría de Ideas y es colaborador de diversos medios, como los portales de internet Pasadizo, Cyberdark o Bibliópolis

902 ## - CATALOGADOR

  • Catalogador: MCM/100913